Homenaje al laureado general Moscardó
Colección:
San Jorge,
; núm. 19 (juliol 1955), pàg 77
Idioma:
Español
MARC
| LEADER | 00000naa a2200000 a 4500 | ||
|---|---|---|---|
| 003 | Arxiu | ||
| 005 | 20260324181029.0 | ||
| 008 | 160829s1955 spc xx s spa c | ||
| 245 | 0 | 0 | |a Homenaje al laureado general Moscardó |
| 490 | |a San Jorge, |v núm. 19 (juliol 1955), pàg 77 | ||
| 600 | 1 | 0 | |a Moscardó Ituarte, José, |d 1878-1956 |9 31758 |
| 650 | 0 | |a Militars |x Espanya |9 23072 |2 Arxiu | |
| 773 | |g Núm. 19 (juliol 1955), pàg 77 |t San Jorge. | ||
| 901 | |a Arxiu | ||
| 942 | |n 1 |2 udc |c ART | ||
| 952 | |0 0 |1 0 |4 0 |6 REV510 |7 1 |9 65260 |a Arxiu |b Arxiu |d 2023-02-09 |l 0 |o Rev-510 |r 2023-02-09 00:00:00 |w 2023-02-09 |y ARXIU |z També disponible a Rev-524 | ||
| 999 | |c 45475 |d 45475 | ||